Σχήματα Χωρών από Γ - Statistics

General Stats
  • This quiz has been taken 7 times
  • The average score is 10 of 11
Answer Stats
Picture Answer % Correct
Γαλλία
100%
Γερμανία
100%
Γεωργία
100%
Γκάνα
100%
Γκάμπια
83%
Γκαμπόν
83%
Γουινέα
83%
Γουινέα-Μπισσάου
83%
Γρενάδα
83%
Γουατεμάλα
67%
Γουιάνα
67%
No matching quizzes found
Score Distribution
Percent of People with Each Score
Percentile by Number Answered
Your Score History
You have not taken this quiz